1895 1249 1892 1875 1547 1593 1883 1686 1451 1470 1919 1417 1057 1782 1714 1060 1325 1786 1490 1980 1757 1552 1057 1938 1173 1191 1447 1128 1286 1623 1787 1609 1994 1328 1054 1520 1881 1452 1308 1448 1796 1575 1247 1748 1613 1533 1054 1512 1537 1532 1148 1404 1122 1968 1245 1914 1053 1284 1192 1834 1403 1205 1510 1506 1558 1639 1089 1735 1899 1644 1117 1184 1046 1472 1500 1044 1673 1360 1968 1229 1904 1231 1912 1205 1669 1955 1406 1957 1607 1691 1734 1009 1986 1589 1236 1479 1686 1133 1676 BCNSPRNW ULIB Ver.6.0+V

เปลี่ยนเป็นภาษาไทย

Change to English
 แสดงรายละเอียดบรรณานุกรม
  กลับหน้าหลัก

Brief Record : Get Marc (ISO 2709) : E-mail record : QR code < ปิดหน้าต่าง
LEADER : 00000nam 2200000uu 4500
001    13399122168
003     ULIB
008    130108s2553||||th 000 0 tha d
020    ^a9786165513869
060 04 ^aQV150^bP536
245 00 ^aPharmacotherapy in cardiovascular diseases III /^cบรรณาธิการ, นารัต เกษตรทัต, ณัฏฐดา อารีเปี่ยม, ชาญกิจ พุฒิเลอพงศ์
250    ^aพิมพ์ครั้งที่ 1
260    ^aกรุงเทพฯ :^bคณะเภสัชศาสตร์ จุฬาลงกรณ์มหาวิทยาลัย,^c2553
300    ^a176 หน้า ;^c26 ซม.
650  4 ^aยารักษาโรคทางระบบหัวใจและหลอดเลือด
650  4 ^aหัวใจร่วมหลอดเลือด, โรค^xการรักษาด้วยยา
700 0  ^aนารัต เกษตรทัต,^eบรรณาธิการ
700 0  ^aณัฏฐดา อารีเปี่ยม,^eบรรณาธิการ
700 0  ^aชาญกิจ พุฒิเลอพงศ์,^eบรรณาธิการ
710 2  ^aจุฬาลงกรณ์มหาวิทยาลัย. ^bคณะเภสัชศาสตร์
945    ^p0^l0^i19629
995    ^aกัณชพร
999    ^aใช้งานได้ทุกระบบ
รายการนี้ยังไม่มีแท็ก
คุณยังไม่ได้ล็อกอิน คุณสามารถมีกิจกรรมร่วมกับเว็บไซต์ได้ แต่ต้องล็อกอินก่อน ::
  ล็อกอิน

รายการสื่อสารสนเทศ

ลำดับที่ ประเภท เลขเรียก/บาร์โค้ด สถานที่ สถานะ
1. วิทยาศาสตร์การแพทย์ และสุขภาพ
วิทยาศาสตร์การแพทย์ และสุขภาพ
สถานะ=หนังสือเก่า
QV150 P536  
  Barcode: 19629
ห้องสมุดวิทยาเขตนครสวรรค์
►ส่วนจัดเก็บหนังสือเก่า นว.
บนชั้น
  ขอยืม

รายการใกล้เคียง
    หัวเรื่อง [ยารักษาโรคทางระบบหัวใจและหลอดเลือด]

BibComment


ยังไม่เคยถูกคอมเมนท์

คอมเมนท์ทรัพยากรรายการนี้
  คอมเมนท์: Pharmacotherapy ..


 Copyright 2026. Bcnsprnw @Library